000 02151nam a2200301 i 4500
001 44270
003 ES-MaACL
005 20251016142029.0
007 t|
008 030321m19671969sp ||||1| spa d
080 _a82-311.9"19"(082.2)
245 0 0 _aCiencia-ficción norteamericana :
_b(obras escogidas) /
_cprólogo de Luis Hernández Alfonso.
260 _a[Madrid] :
_bAguilar,
_c[1967-1969]
300 _a3 v. :
_blám. ;
_c18 cm.
505 8 _aContiene: 1. El abogado gladiador / Frederik Pohl y C.M. Kornbluth ; traducción de M. de la Escalera y V. Auz . La lucha contra las pirámides / Frederick Pohl y C.M. Kornbluth ; trad. de V. Auz . Los mercaderes del espacio / Frederick Pohl y C.M. Kornbluth ; trad. de V. Auz . Búsqueda en el cielo / Frederik Pohl y C.M. Kornbluth ; trad. de Trinidad Valiente . La marcha del borracho / Frederick Pohl y C.M. Kornbluth ; trad. de A. Lewenfeld . Nave de esclavos / Frederick Pohl y C.M. Kornbluth ; trad. de Trinidad Valiente -- 2. Guardianes del tiempo ; Valiente para ser rey ; El único juego entre los hombres ; Delenda est... ; Extraños terrícolas ; Don Quijote y el molino de viento ; Gitano ; Mientras persistan ; Duelo en Sirte ; El cielo desintegrado ; Entre ladrones ; Órbita limitada ; La onda cerebral ; Un mundo en el crepúsculo ; Encadenamiento lógico ; Los hijos de la fortuna / Poul Anderson ; trad. de Trinidad Valiente y Manuel de la Escalera -- 3. Corrientes alternas ; El devorador del mundo ; Siete historias de futuro ; Las lunas de Marte ; El abominable terrícola / Fréderick Pohl ; trad. de Manuel G. Volpini, José Calvo Moreno.
650 7 _aNovelas de ciencia ficción
_2embne
_9173072
700 1 _aHernández Alfonso, Luis.
_962874
700 1 _aPohl, Frederik,
_d1919-2013
_9242360
700 1 _aKornbluth, C. M.
_968601
700 0 _aEscalera, Manuel de la,
_d1895-1994
_947481
700 1 _aAuz, Víctor,
_d1935-
_9173073
700 1 _aValiente, Trinidad.
_9112695
700 1 _aLewenfeld, A.
_972024
700 1 _aAnderson, Poul.
_921463
700 1 _aVolpini, Manuel G.
_9115718
852 _aES-MaACL
_jP-1334
999 _c44270
_d44270